Christmas crunchtime for retail sector (Record no. 83633)
[ view plain ]
| 000 -LEADER | |
|---|---|
| fixed length control field | 01020cab a22001935a 4500 |
| 001 - CONTROL NUMBER | |
| control field | L154465 |
| 008 - FIXED-LENGTH DATA ELEMENTS--GENERAL INFORMATION | |
| fixed length control field | 131211e2011 xxk 000 0 eng d |
| 035 ## - SYSTEM CONTROL NUMBER | |
| System control number | (Sirsi) u154465 |
| 041 0# - LANGUAGE CODE | |
| Language code of text/sound track or separate title | eng |
| 110 2# - MAIN ENTRY--CORPORATE NAME | |
| Corporate name or jurisdiction name as entry element | Property Week |
| 9 (RLIN) | 1549 |
| 245 00 - TITLE STATEMENT | |
| Title | Christmas crunchtime for retail sector |
| 260 ## - PUBLICATION, DISTRIBUTION, ETC. | |
| Date of publication, distribution, etc. | 2011 |
| 490 #0 - SERIES STATEMENT | |
| Series statement | Property Week |
| Volume/sequential designation | 77(49) 9 December 2011, 34(1) |
| 520 ## - SUMMARY, ETC. | |
| Summary, etc. | Cushman & Wakefield's latest UK property investment market briefing posted a one basis point rise in average prime yields to 5.73% in November following a four basis point increase in October. Demand remains strong in 'favoured areas' such as London's West End, prime retail warehousing and industrial markets. Retail is highly polarised. More activity in 2012 is expected as secondary yields adjust to more interesting levels. Table of prime property comparative yields 2007-November 2011. |
| 590 ## - LOCAL NOTE (RLIN) | |
| Local note | KA |
| 651 #4 - SUBJECT ADDED ENTRY--GEOGRAPHIC NAME | |
| Geographic name | United Kingdom |
| Chronological subdivision | |
| 690 ## - LOCAL SUBJECT ADDED ENTRY--TOPICAL TERM (OCLC, RLIN) | |
| Topical term or geographic name as entry element | PROPERTY-COMMERCIAL PROPERTY-COMMERCIAL PROPERTY FINANCE AND INVESTMENT |
| 942 ## - ADDED ENTRY ELEMENTS (KOHA) | |
| Suppress in OPAC | 0 |
| Withdrawn status | Lost status | Source of classification or shelving scheme | Damaged status | Not for loan | Home library | Current library | Shelving location | Date acquired | Total Checkouts | Full call number | Barcode | Date last seen | Copy number | Price effective from | Koha item type |
|---|---|---|---|---|---|---|---|---|---|---|---|---|---|---|---|
| Dewey Decimal Classification | London | London | Journal article | 11/12/2011 | L154465 | 154465-1001 | 06/08/2019 | 1 | 06/08/2019 | Journal article |